00864cam a22002177a 4500003000500000005001700005008004100022010001000063011001000073035001000083040000900093100004000102245020100142260004100343300002000384502012300404650002900527650002200556650004200578700002600620CHAP20220329142317.0000607d1999 mx r 00110 spa d a81437 a82409 a92904 cCHAP00aCamacho Romero, María de Lourdes.13aLa organización campesina una alternativa de desarrollo rural :bcaso de estudio. Ejido de San Simón, Texcoco, Estado de Méxicoc/por María de Lourdes Camacho Romero y Elvira Lora Zamorano aChapingo, Méx. :bEl autor,c1999. a79 h. ;banexos aTesis (Lic. en Administración de Empresas Agropecuarias) -- UACH. División de Ciencias Económico Administrativas14aAgriculturaxSociedades.14aDesarrollo rural.14aEjido de San Simón, Texcoco, Méx.00aLora Zamorano, Elvira